H.L.A. Hart

Сохранить в:
Библиографические подробности
Главный автор: MacCormick, Neil (autor)
Формат:
Язык:испанский
Опубликовано: Londres Edward Arnold 1981
Серии:Jurist. Profiles in legal theory
Предметы:
Метки: Добавить метку
Нет меток, Требуется 1-ая метка записи!

MARC

LEADER 00000nam a2200000 a 4500
001 UCS8783
003 CL-VaPUC
008 971107e19810000UK |||||||||||||||||spa|d
082 0 4 |a 340.109  |b MAC  |2 21 
100 |a MacCormick, Neil  |e autor  |9 393582 
245 1 0 |a H.L.A. Hart 
300 |a 184 p 
942 |c BK 
945 |d 19971107 00:00:00  |a aolguin 
260 |a Londres  |b Edward Arnold  |c 1981 
650 0 |a Pensamiento jurídico  |9 255517 
650 0 |a Teoría del derecho  |9 255982 
650 0 |a Filosofía del derecho   |9 255050 
650 0 |a Escritos  |9 255895 
651 7 |a HART, HANS  |2 CL-VaPUC  |9 393583 
583 |a last modification  |c 19971107 00:00:00  |k Rodrigo Vera 
490 0 |a Jurist. Profiles in legal theory 
999 |c 262992  |d 262990 
952 |0 0  |1 0  |4 0  |6 340_109000000000000_MAC_1981  |7 0  |8 DER_TF  |9 292066  |a BIBDER  |b BIBDER  |d 2019-11-19  |i 189756K  |o 340.109 MAC 1981  |p 189756K  |r 2023-01-25  |w 2019-11-19  |x Ubicación 4to Piso  |y BK  |z Estos recursos deben solicitarse con anticipación  |k DER